Statistics for United States Geography A-Z

Click here to take the quiz!

General Stats

  • This quiz has been taken 125 times
    (115 since last reset)
  • The average score is 18 of 26

Answer Stats

HintAnswer% Correct
RSmallest stateRhode Island
98%
NCity most affected by Hurricane KatrinaNew Orleans
95%
OEasternmost Great LakeOntario
95%
UFinal destination of MormonsUtah
94%
GAdjective for Plains, or LakesGreat
93%
JCapital of AlaskaJuneau
92%
IState that produces the most soybeansIowa
91%
YFamous Californian National parkYosemite
91%
MState made up of two peninsulasMichigan
88%
EFloridian swampsEverglades
86%
AWashington State's most famous produceApple
85%
PRiver on which Washington D.C. sitsPotomac
84%
LContains Brooklyn and QueensLong Island
82%
DTallest mountain in the USDenali
80%
CLarge bay in MarylandChesapeake
73%
ZNational park featuring massive canyonZion
72%
TAppalachian, or OregonTrail
70%
B"Hills" where Mt. Rushmore and Crazy Horse areBlack Hills
67%
KWorld's tallest mountain: Mauna ___Kea
58%
FLargest city in the Central ValleyFresno
55%
VWhere Washington spent a winter with his troopsValley Forge
51%
HFormer city of the NHL's WhalersHartford
43%
WAlliterative city in the Pacific NorthwestWalla Walla
43%
SDesert in SW ArizonaSonoran
28%
XTornado stricken city in OhioXenia
27%
QLargest body of water in MassachusettsQuabbin Reservoir
5%

Score Distribution

Percentile by Number Answered

Percent of People with Each Score

Your Score History

You have not taken this quiz since the last reset